Εναλλακτικοί τρόποι καταπολέμησης ζιζανίων
Αποθηκεύτηκε σε:
| Κύριος συγγραφέας: | |
|---|---|
| Συγγραφή απο Οργανισμό/Αρχή: | |
| Άλλοι συγγραφείς: | |
| Μορφή: | Thesis Βιβλίο |
| Γλώσσα: | Greek |
| Δημοσίευση: |
2009
|
| Θέματα: | |
| Διαθέσιμο Online: | http://hdl.handle.net/11610/15419 |
| Ετικέτες: |
Προσθήκη ετικέτας
Δεν υπάρχουν, Καταχωρήστε ετικέτα πρώτοι!
|
MARC
| LEADER | 00000cam a2200000 i 4500 | ||
|---|---|---|---|
| 001 | 1/8040 | ||
| 008 | 100603s2009 gre d | ||
| 035 | |l 10108106 | ||
| 040 | |a GR-MY-UA |b gre |e aacr | ||
| 041 | 0 | |a gre | |
| 082 | 0 | |a 632.3 |2 (22) | |
| 100 | 1 | |a Σίμος, Μάριος. | |
| 245 | 1 | 0 | |a Εναλλακτικοί τρόποι καταπολέμησης ζιζανίων / |c Μάριος Α. Σίμος ; υπεύθυνος καθηγητής: Ν.Γ. Δαναλάτος |
| 260 | |c 2009 | ||
| 300 | |a 104 σ.; |c 30 εκ. | ||
| 500 | |a Βιβλιογραφία: σ. 65-104 | ||
| 502 | |a Διατριβή (μεταπτυχιακή) – Πανεπιστήμιο Αιγαίου, Λέσβος, 2009. | ||
| 650 | 0 | 0 | |a Pests |x Biological control. |
| 650 | 0 | 0 | |a Pests |x Integrated control. |
| 650 | 0 | 0 | |a Agricultural pests |x Biological control. |
| 650 | 0 | 0 | |a Plants, Protection of. |
| 650 | 0 | 0 | |a Biological pest control agents. |
| 650 | 0 | 0 | |a Dissertations, Academic |z Greece. |
| 700 | 1 | |a Δαναλάτος, Νίκος. |4 ths | |
| 710 | 2 | |a Πανεπιστήμιο Αιγαίου |b Σχολή Περιβάλλοντος |b Τμήμα Περιβάλλοντος |b Πρόγραμμα Μεταπτυχιακών Σπουδών Γεωργία και Περιβάλλον. | |
| 852 | |a INST |b LESVOS |c DIATR |e 20100603 |h 313 |p 005100047682 |q 005100047682 |t MTXE |y 23 | ||
| 852 | |a INST |b LESVOS |c DIATR |e 20100603 |h 314 |p 005100047683 |q 005100047683 |t MTXE |y 23 | ||
| 856 | |u http://hdl.handle.net/11610/15419 | ||
| 901 | |a BIBL1-2010-2 | ||
| 909 | |a Λ |b 164548 | ||
| 909 | |a Λ |b 164549 | ||
| 924 | |a ΣΙΜΟΣ |b ΜΑΡΙΟΣ |y ΛΕΣΒΟΣ |z 2009-11 | ||
| 970 | |a ΤΖΑΦΕΡΗ |b ΕΥΑΓΓΕΛΙΑ |z 2010/06/03 | ||